Franquias da NBA - Logo Quiz #1 - Statistics

Estatísticas Gerais
  • Esse quiz foi jogado 935 vezes
  • A pontuação média é 26 de 30
Estatísticas das Respostas
Imagem Resposta % Correto
Chicago Bulls
100%
Los Angeles Lakers
99%
Boston Celtics
98%
Golden State Warriors
97%
Miami Heat
94%
San Antonio Spurs
93%
Houston Rockets
90%
Indiana Pacers
90%
Milwaukee Bucks
90%
Cleveland Cavaliers
88%
Denver Nuggets
88%
Sacramento Kings
88%
Utah Jazz
88%
Orlando Magic
87%
New York Knicks
86%
Phoenix Suns
86%
Toronto Raptors
86%
Brooklyn Nets
83%
Charlotte Hornets
83%
Dallas Mavericks
83%
Memphis Grizzlies
83%
Minnesota Timberwolves
83%
Atlanta Hawks
82%
Los Angeles Clippers
82%
New Orleans Pelicans
80%
Portland Trail Blazers
80%
Oklahoma City Thunder
79%
Detroit Pistons
78%
Washington Wizards
76%
Philadelphia 76ers
75%
Nenhum quiz correspondente encontrado
Distribuição das Pontuações
Porcentagem de Pessoas com Cada Pontuação
Percentil de Números Respondidos
Sua Pontuação Histórica
Você não jogou esse quiz